[Event "FIDE Disabilities Olym"]
[Site "Belgrade"]
[Date "2023.02.04"]
[Round "?"]
[White "Paal, Attila"]
[Black "Campos, Eugenio"]
[Result "1/2-1/2"]
[WhiteElo "2141"]
[BlackElo "2227"]
[PlyCount "96"]
[EventDate "2023.01.30"]
[EventType "team-swiss"]
[EventRounds "6"]
[EventCountry "SRB"]
[SourceTitle "CBM 212 Extra"]
[Source "ChessBase"]
[SourceDate "2023.03.31"]
[SourceVersion "1"]
[SourceVersionDate "2023.03.31"]
[SourceQuality "1"]
[WhiteTeam "Hungary"]
[BlackTeam "IPCA"]
[WhiteTeamCountry "HUN"]

1. e4 c5 2. Nf3 d6 3. d4 Nf6 4. Nc3 cxd4 5. Qxd4 Nc6 6. Qd3 g6 7. Nd5 Bg7 8. c3 0-0 9. Bg5 Nxd5 10. exd5 Nb8 11. Qd2 Re8 12. Be2 Nd7 13. 0-0 Nf6 14. Bb5 Bd7 15. Bxd7 Qxd7 16. Rfe1 Rac8 17. Rad1 Rc5 18. Bxf6 Bxf6 19. Ng5 Rc4 20. Ne4 Bg7 21. Qf4 Ra4 22. b3 Rxa2 23. Ng5 Qf5 24. Qxf5 gxf5 25. c4 Bc3 26. Re3 Bd4 27. Rf3 h6 28. Nh3 e6 29. g3 Ra1 30. Rfd3 Rxd1+ 31. Rxd1 e5 32. Kg2 b5 33. Ng1 bxc4 34. bxc4 Rc8 35. Rc1 a5 36. Nf3 Bb2 37. Rc2 Rb8 38. c5 dxc5 39. Rxc5 a4 40. d6 Rd8 41. Nxe5 a3 42. d7 Bxe5 43. Rxe5 Rxd7 44. Ra5 Rd3 45. Rxf5 a2 46. Ra5 Rd2 47. Kf3 Kf8 48. Ke3 Rb2 1/2-1/2

[Event "Online Olym Disabilities"]
[Site "Tornelo INT"]
[Date "2020.11.27"]
[Round "7.5"]
[White "Paal, Attila"]
[Black "Zilberman, Yaacov"]
[Result "0-1"]
[WhiteElo "2148"]
[BlackElo "2339"]
[PlyCount "94"]
[EventDate "2020.11.21"]
[EventType "team-swiss (rapid)"]
[EventRounds "7"]
[EventCountry "NET"]
[SourceTitle "CBM 199 Extra"]
[Source "ChessBase"]
[SourceDate "2021.01.31"]
[SourceVersion "1"]
[SourceVersionDate "2021.01.31"]
[SourceQuality "1"]
[WhiteTeam "Hungary"]
[BlackTeam "Israel"]
[WhiteTeamCountry "HUN"]
[BlackTeamCountry "ISR"]

1. d4 Nf6 2. c4 c5 3. d5 e5 4. Nc3 d6 5. e4 Be7 6. Bd3 Nbd7 7. Nge2 0-0 8. 0-0 Ne8 9. f3 Bg5 10. a3 a6 11. b4 Bxc1 12. Qxc1 cxb4 13. axb4 Qb6+ 14. Kh1 Qxb4 15. Rb1 Qa5 16. Qd2 Nef6 17. Ra1 Qc7 18. Rfb1 Nc5 19. Na4 Nxa4 20. Rxa4 Nd7 21. Nc3 Nc5 22. Rab4 Bd7 23. Bc2 Rfc8 24. h3 Be8 25. Qd1 Rab8 26. Qc1 h6 27. Qa3 Qd8 28. Ba4 Nxa4 29. Nxa4 b5 30. cxb5 Bxb5 31. Nc3 Bd3 32. Rxb8 Rxb8 33. Rxb8 Qxb8 34. Qa5 g6 35. Kh2 Kg7 36. Na4 Qb3 37. Nc3 Qc2 38. Kg1 Qc1+ 39. Kf2 Qd2+ 40. Kg1 Qe1+ 41. Kh2 Bf1 42. Kg1 h5 43. Qc7 h4 44. Qa5 Bc4+ 45. Kh2 Qf2 46. Nd1 Qd4 47. Qa4 Be2 0-1

[Event "Online Olym Disabilities"]
[Site "Tornelo INT"]
[Date "2020.11.22"]
[Round "2.10"]
[White "Paal, Attila"]
[Black "Larduet Despaigne, Carlos"]
[Result "1-0"]
[WhiteElo "2148"]
[BlackElo "2293"]
[PlyCount "157"]
[EventDate "2020.11.21"]
[EventType "team-swiss (rapid)"]
[EventRounds "7"]
[EventCountry "NET"]
[SourceTitle "CBM 199 Extra"]
[Source "ChessBase"]
[SourceDate "2021.01.31"]
[SourceVersion "1"]
[SourceVersionDate "2021.01.31"]
[SourceQuality "1"]
[WhiteTeam "Hungary"]
[BlackTeam "Cuba"]
[WhiteTeamCountry "HUN"]
[BlackTeamCountry "CUB"]

1. Nf3 d5 2. c4 c6 3. cxd5 cxd5 4. d4 Nc6 5. Nc3 Nf6 6. Bf4 a6 7. Rc1 e6 8. e3 Be7 9. h3 0-0 10. Bd3 Bd7 11. 0-0 Rc8 12. Bb1 b5 13. Ne5 Be8 14. Qd3 b4 15. Ng4 g6 16. Ne2 Nxg4 17. hxg4 Bd7 18. Qxa6 Ra8 19. Qd3 Qb6 20. b3 Rfc8 21. Qd2 Na7 22. Rxc8+ Rxc8 23. Rc1 Rxc1+ 24. Nxc1 Nb5 25. Ne2 Na3 26. Bd3 Bb5 27. f3 Qa6 28. Nc1 Qc6 29. Kf2 Kf8 30. Ke1 Ke8 31. Kd1 Bxd3 32. Qxd3 Kd7 33. Ne2 f6 34. e4 Ke8 35. Bc1 Nb5 36. Qc2 Qb7 37. Bd2 Kf7 38. exd5 exd5 39. Qd3 Qc6 40. Qe3 Bd6 41. Nf4 Be7 42. Ne2 Bd6 43. g3 Be7 44. f4 Bd6 45. f5 g5 46. Qe6+ Kg7 47. Bxb4 Qc7 48. Bxd6 Nxd6 49. Qxd5 Qb6 50. Qc5 Qb8 51. Nc3 Nf7 52. Ne4 Qe8 53. Qd5 Qe7 54. Qe6 Qd8 55. d5 Ne5 56. d6 Nxg4 57. d7 Ne5 58. Nxf6 Qa5 59. d8Q Qxd8+ 60. Nd5 Ng4 61. Ke2 h5 62. Kf3 Nh2+ 63. Kg2 Ng4 64. Qg6+ Kh8 65. Qxh5+ Kg7 66. Qxg4 Qxd5+ 67. Qf3 Qd2+ 68. Kh3 Qxa2 69. Kg4 Qd2 70. Qb7+ Kf8 71. Qc8+ Kg7 72. Qc7+ Kf8 73. f6 Qd1+ 74. Kxg5 Qd2+ 75. Qf4 Qd5+ 76. Kh6 Qh1+ 77. Kg6 Qb1+ 78. Qf5 Qc1 79. b4 1-0

[Event "Online Olym Disabilities"]
[Site "Tornelo INT"]
[Date "2020.11.21"]
[Round "1.20"]
[White "Muming, Ardian Syah"]
[Black "Paal, Attila"]
[Result "0-1"]
[WhiteElo "1431"]
[BlackElo "2148"]
[PlyCount "114"]
[EventDate "2020.11.21"]
[EventType "team-swiss (rapid)"]
[EventRounds "7"]
[EventCountry "NET"]
[SourceTitle "CBM 199 Extra"]
[Source "ChessBase"]
[SourceDate "2021.01.31"]
[SourceVersion "1"]
[SourceVersionDate "2021.01.31"]
[SourceQuality "1"]
[WhiteTeam "Malaysia"]
[BlackTeam "Hungary"]
[WhiteTeamCountry "MAS"]
[BlackTeamCountry "HUN"]

1. d4 Nf6 2. c4 c5 3. e3 e6 4. Nf3 Be7 5. g3 0-0 6. Bg2 cxd4 7. exd4 d5 8. 0-0 Nc6 9. cxd5 Nxd5 10. Nc3 Re8 11. a3 Nxc3 12. bxc3 Qa5 13. Qb3 Qa6 14. Re1 Na5 15. Qa2 Bd7 16. Rb1 Bb5 17. Ne5 Rac8 18. a4 Bd3 19. Nxd3 Qxd3 20. Re3 Qd1+ 21. Bf1 b6 22. Bb2 Qb3 23. Qxb3 Nxb3 24. Bb5 Red8 25. c4 Nxd4 26. Bxd4 Rxd4 27. Rbb3 Bc5 28. Red3 Rcd8 29. Rxd4 Rxd4 30. Rb2 Kf8 31. Kg2 Ke7 32. h4 e5 33. f3 f5 34. Re2 Kf6 35. Kh3 Rd1 36. Bc6 a5 37. Kg2 g6 38. Kh3 h6 39. Kg2 g5 40. hxg5+ hxg5 41. Kh2 Ke6 42. Kg2 Kd6 43. Bb5 Bd4 44. Kh2 Kc5 45. Rc2 Be3 46. Kg2 Kd4 47. Re2 Rb1 48. Kh2 e4 49. fxe4 fxe4 50. Kh3 Kd3 51. c5+ Rxb5 52. Rxe3+ Kxe3 53. axb5 a4 54. cxb6 a3 55. b7 a2 56. b8Q a1Q 57. Qb6+ Kf3 0-1

[Event "HUN-chT2 Barcza 1819"]
[Site "Hungary"]
[Date "2019.03.31"]
[Round "10.2"]
[White "Dovzsik, Gyorgy"]
[Black "Paal, Attila"]
[Result "1-0"]
[WhiteElo "2279"]
[BlackElo "2168"]
[PlyCount "61"]
[EventDate "2018.09.23"]
[EventType "team-tourn"]
[EventRounds "11"]
[EventCountry "HUN"]
[SourceTitle "EXT 2021"]
[Source "ChessBase"]
[SourceDate "2020.10.23"]
[SourceVersion "1"]
[SourceVersionDate "2020.10.23"]
[SourceQuality "1"]
[WhiteTeam "Kazincbarcika"]
[BlackTeam "Szirmabesenyo"]
[WhiteTeamCountry "HUN"]
[BlackTeamCountry "HUN"]

1. c4 c5 2. Nf3 Nf6 3. d4 e6 4. Nc3 cxd4 5. Nxd4 a6 6. e4 d6 7. Be2 Be7 8. 0-0 Qc7 9. Be3 Nc6 10. Rc1 Bd7 11. Nd5 exd5 12. cxd5 0-0 13. dxc6 bxc6 14. Bf3 Rab8 15. b3 c5 16. Ne2 Bc6 17. Nc3 Rfe8 18. Bf4 Bf8 19. Re1 Rb4 20. a3 Rd4 21. Qc2 Qb7 22. Be3 Rdxe4 23. b4 Bd5 24. bxc5 dxc5 25. Nxe4 Nxe4 26. Bxc5 Rc8 27. Bxe4 Rxc5 28. Bxd5 Qxd5 29. Qe2 Ra5 30. Rc8 f5 31. Rxf8+ 1-0

[Event "HUN-chT2 Barcza 1819"]
[Site "Hungary"]
[Date "2019.03.10"]
[Round "9.2"]
[White "Paal, Attila"]
[Black "Gyorffy, Peter Pal"]
[Result "1/2-1/2"]
[WhiteElo "2168"]
[BlackElo "1990"]
[PlyCount "115"]
[EventDate "2018.09.23"]
[EventType "team-tourn"]
[EventRounds "11"]
[EventCountry "HUN"]
[SourceTitle "EXT 2021"]
[Source "ChessBase"]
[SourceDate "2020.10.23"]
[SourceVersion "1"]
[SourceVersionDate "2020.10.23"]
[SourceQuality "1"]
[WhiteTeam "Szirmabesenyo"]
[BlackTeam "Hajduszoboszlo"]
[WhiteTeamCountry "HUN"]
[BlackTeamCountry "HUN"]

1. d4 Nf6 2. c4 e6 3. Nc3 Bb4 4. Qc2 d5 5. Bg5 0-0 6. cxd5 exd5 7. e3 Be6 8. Bd3 h6 9. h4 hxg5 10. hxg5 Ne4 11. Bxe4 f5 12. gxf6 Qxf6 13. Bg6 Nc6 14. f4 Ne7 15. Bh7+ Kf7 16. Nf3 Bf5 17. Bxf5 Nxf5 18. Ne5+ Ke7 19. 0-0-0 Bxc3 20. Qxc3 Qd6 21. Rh7 Rh8 22. Rdh1 Rxh7 23. Rxh7 Rg8 24. g4 Ng3 25. Qe1 Ne4 26. Qh4+ Qf6 27. Qh5 c5 28. Ng6+ Kd6 29. Qe5+ Qxe5 30. dxe5+ Ke6 31. f5+ Kf7 32. Nf4 d4 33. exd4 cxd4 34. e6+ Ke7 35. Nh5 Nf6 36. Rxg7+ Rxg7 37. Nxg7 Nxg4 38. Kd2 Nf6 39. Kd3 Kf8 40. Kxd4 Kxg7 41. Ke5 Ng4+ 42. Kd6 Kf6 43. b4 Kxf5 44. e7 Nf6 45. Kc7 b5 46. Kd6 Ne8+ 47. Kc6 Ke6 48. Kxb5 Kxe7 49. Ka6 Kd6 50. a4 Kc6 51. b5+ Kc5 52. Kxa7 Kb4 53. Kb7 Kxa4 54. Kc6 Ka5 55. b6 Ka6 56. b7 Ka7 57. Kd7 Kxb7 58. Kxe8 1/2-1/2

[Event "HUN-chT2 Barcza 1819"]
[Site "Hungary"]
[Date "2018.10.07"]
[Round "2.6"]
[White "Paal, Attila"]
[Black "Orso, Janos"]
[Result "1-0"]
[WhiteElo "2168"]
[BlackElo "2057"]
[PlyCount "71"]
[EventDate "2018.09.23"]
[EventType "team-tourn"]
[EventRounds "11"]
[EventCountry "HUN"]
[SourceTitle "CBM 189 Extra"]
[Source "ChessBase"]
[SourceDate "2019.06.03"]
[SourceVersion "1"]
[SourceVersionDate "2019.06.03"]
[SourceQuality "1"]
[WhiteTeam "Szirmabesenyo"]
[BlackTeam "Nyiregyhaza"]
[WhiteTeamCountry "HUN"]
[BlackTeamCountry "HUN"]

1. d4 Nf6 2. c4 e6 3. Nc3 Bb4 4. Qc2 c5 5. dxc5 Bxc5 6. a3 a5 7. Nf3 Nc6 8. Bg5 Nd4 9. Nxd4 Bxd4 10. e3 Be5 11. Rd1 Qb6 12. Be2 Qc5 13. Bxf6 gxf6 14. Ne4 Qb6 15. f4 Qxb2 16. Qd3 f5 17. fxe5 fxe4 18. Qxe4 Qxa3 19. 0-0 Qe7 20. Bh5 Rf8 21. Rxf7 Rxf7 22. Rf1 Kd8 23. Rxf7 Qb4 24. Rf1 a4 25. Rb1 Qd2 26. Rd1 Qb4 27. Rb1 Qd2 28. Qf4 a3 29. Qf8+ Kc7 30. Qc5+ Kd8 31. Rf1 d6 32. Rf8+ Ke7 33. Rf7+ Ke8 34. Qb5+ Kd8 35. Qb6+ Ke8 36. Rxh7+ 1-0

[Event "HUN-chT2 Barcza 1718"]
[Site "Hungary"]
[Date "2018.01.28"]
[Round "7.4"]
[White "Forgacs, Jozsef"]
[Black "Paal, Attila"]
[Result "1/2-1/2"]
[WhiteElo "2204"]
[BlackElo "2153"]
[PlyCount "91"]
[EventDate "2017.09.24"]
[EventType "team-tourn"]
[EventRounds "11"]
[EventCountry "HUN"]
[SourceTitle "EXT 2021"]
[Source "ChessBase"]
[SourceDate "2020.10.23"]
[SourceVersion "1"]
[SourceVersionDate "2020.10.23"]
[SourceQuality "1"]
[WhiteTeam "Bajnok Sakkiskola"]
[BlackTeam "Szirmabesenyo"]
[WhiteTeamCountry "HUN"]
[BlackTeamCountry "HUN"]

1. c4 e6 2. Nc3 d5 3. d4 Nf6 4. cxd5 exd5 5. Bg5 Be7 6. e3 c6 7. Qc2 0-0 8. Bd3 Nbd7 9. Nf3 Re8 10. h3 Nf8 11. 0-0-0 Be6 12. Kb1 N6d7 13. Bxe7 Qxe7 14. Rhe1 Qb4 15. Qa4 Qxa4 16. Nxa4 f6 17. Nh4 g6 18. Rc1 Re7 19. b4 a6 20. Nb2 Rae8 21. Kc2 Nb8 22. a4 Bc8 23. Kd2 Ne6 24. Nf3 Ng7 25. g4 g5 26. b5 axb5 27. axb5 h5 28. Nh2 Kf7 29. gxh5 Nxh5 30. Ng4 Rh8 31. Rh1 Ng7 32. f3 Nf5 33. Ra1 Ng3 34. Rh2 Bxg4 35. fxg4 Ne4+ 36. Bxe4 Rxe4 37. Ra7 Re7 38. b6 Na6 39. Nd3 Kg6 40. Rh1 Rhh7 41. Ra8 Kf7 42. Rb1 Kg6 43. Rxa6 bxa6 44. Nc5 Rh8 45. Nxa6 Ra8 46. b7 1/2-1/2

[Event "HUN-chT2 Barcza 1718"]
[Site "Hungary"]
[Date "2017.11.26"]
[Round "4.4"]
[White "Paal, Attila"]
[Black "Molnar, Balazs"]
[Result "1-0"]
[WhiteElo "2153"]
[BlackElo "2126"]
[PlyCount "39"]
[EventDate "2017.09.24"]
[EventType "team-tourn"]
[EventRounds "11"]
[EventCountry "HUN"]
[SourceTitle "EXT 2021"]
[Source "ChessBase"]
[SourceDate "2020.10.23"]
[SourceVersion "1"]
[SourceVersionDate "2020.10.23"]
[SourceQuality "1"]
[WhiteTeam "Szirmabesenyo"]
[BlackTeam "Hajduboszormeny"]
[WhiteTeamCountry "HUN"]
[BlackTeamCountry "HUN"]

1. d4 d5 2. c4 e6 3. cxd5 exd5 4. Nc3 Nf6 5. Bg5 Be7 6. e3 c6 7. Bd3 0-0 8. Qc2 Nbd7 9. Nf3 Re8 10. 0-0-0 Nf8 11. h4 a5 12. Rdg1 a4 13. Bxf6 Bxf6 14. g4 Be7 15. g5 b5 16. Ne5 Bb7 17. Bxh7+ Nxh7 18. g6 fxg6 19. Qxg6 Bg5 20. Qf7+ 1-0

[Event "Eger Agria op 41th"]
[Site "Eger"]
[Date "2017.07.23"]
[Round "9"]
[White "Paal, Attila"]
[Black "Fekete, Albert"]
[Result "1-0"]
[WhiteElo "2108"]
[BlackElo "2199"]
[PlyCount "175"]
[EventDate "2017.07.17"]
[EventType "swiss"]
[EventRounds "9"]
[EventCountry "HUN"]
[SourceTitle "EXT 2020"]
[Source "ChessBase"]
[SourceDate "2019.10.17"]
[SourceVersion "1"]
[SourceVersionDate "2019.10.17"]
[SourceQuality "1"]

1. d4 Nf6 2. c4 c5 3. d5 e5 4. Nc3 d6 5. e4 g6 6. Bd3 Bg7 7. Nge2 0-0 8. 0-0 Qe7 9. a3 Ne8 10. Be3 f5 11. f3 f4 12. Bf2 h5 13. b4 b6 14. bxc5 bxc5 15. Rb1 g5 16. Kh1 g4 17. Be1 Bf6 18. Ng1 Rf7 19. Rf2 g3 20. Rfb2 gxh2 21. Nh3 Na6 22. Kxh2 Rg7 23. Qa4 Nec7 24. Qd1 Bh4 25. Bxh4 Qxh4 26. Qe1 Rg3 27. Bf1 Bxh3 28. gxh3 Qf6 29. Rg2 h4 30. Ne2 Rxg2+ 31. Bxg2 Qd8 32. Qf2 Kf7 33. Rg1 Qf6 34. Bf1 Rb8 35. Rg4 Rb3 36. Ng1 Rxa3 37. Qb2 Ra4 38. Qb7 Qd8 39. Qxa7 Rb4 40. Ne2 Rb2 41. Kh1 Nb4 42. Nc3 Qe7 43. Nb5 Ne8 44. Nxd6+ Nxd6 45. Rg7+ Kxg7 46. Qxe7+ Nf7 47. Qxh4 Rb1 48. Qg4+ Kf6 49. Qh4+ Kg7 50. Qf2 Nd3 51. Qe2 Ne1 52. Qa2 Rd1 53. Be2 Rc1 54. Qd2 Ra1 55. Kh2 Ng5 56. Qc3 Ra2 57. Qxe5+ Kg6 58. Qf5+ Kh6 59. Qf6+ Kh5 60. Qh8+ Kg6 61. Qg8+ Kh6 62. Qf8+ Kg6 63. Qf5+ Kh5 64. Qg4+ Kh6 65. Qxf4 Nexf3+ 66. Kg3 Rxe2 67. h4 Rxe4 68. hxg5+ Nxg5 69. Qf8+ Kh5 70. Qxc5 Rg4+ 71. Kh2 Nf3+ 72. Kh1 Rd4 73. Kg2 Rd3 74. Qc8 Nh4+ 75. Kf2 Kg5 76. Ke2 Rd4 77. Ke3 Rd1 78. Qd8+ Kg4 79. Qd7+ Nf5+ 80. Ke2 Rd4 81. c5 Kf4 82. c6 Ng3+ 83. Ke1 Ne4 84. c7 Nc3 85. Qd6+ Ke4 86. Qe6+ Kf3 87. Qf6+ Ke3 88. Qxd4+ 1-0

[Event "Eger Agria op 41th"]
[Site "Eger"]
[Date "2017.07.19"]
[Round "4"]
[White "Czebe, Attila"]
[Black "Paal, Attila"]
[Result "1-0"]
[WhiteElo "2468"]
[BlackElo "2108"]
[PlyCount "55"]
[EventDate "2017.07.17"]
[EventType "swiss"]
[EventRounds "9"]
[EventCountry "HUN"]
[SourceTitle "EXT 2020"]
[Source "ChessBase"]
[SourceDate "2019.10.17"]
[SourceVersion "1"]
[SourceVersionDate "2019.10.17"]
[SourceQuality "1"]

1. Nf3 d5 2. g3 Nf6 3. Bg2 e6 4. 0-0 Be7 5. d3 0-0 6. Nbd2 c5 7. e4 Nc6 8. Re1 b5 9. exd5 exd5 10. a4 bxa4 11. Rxa4 a5 12. Nf1 Rb8 13. b3 Nb4 14. Ne5 Qc7 15. c3 Bd6 16. cxb4 Bxe5 17. Rxe5 Qxe5 18. Bf4 Qc3 19. Bxb8 Bd7 20. Bd6 Bxa4 21. bxa4 Re8 22. bxc5 Re1 23. Qf3 h6 24. Qf5 Qd4 25. c6 g6 26. Be5 Qxe5 27. Qxe5 Rxe5 28. c7 1-0

[Event "HUN-chT2 Erkel 1617"]
[Site "Hungary"]
[Date "2016.11.13"]
[Round "4.2"]
[White "Vicsai, Gabor"]
[Black "Paal, Attila"]
[Result "1-0"]
[WhiteElo "2262"]
[BlackElo "2093"]
[PlyCount "105"]
[EventDate "2016.09.25"]
[EventType "team-tourn"]
[EventRounds "11"]
[EventCountry "HUN"]
[SourceTitle "EXT 2021"]
[Source "ChessBase"]
[SourceDate "2020.10.23"]
[SourceVersion "1"]
[SourceVersionDate "2020.10.23"]
[SourceQuality "1"]
[WhiteTeam "Budapest Kobanya II"]
[BlackTeam "Andornaktalya"]
[WhiteTeamCountry "HUN"]
[BlackTeamCountry "HUN"]

1. d4 d5 2. c4 e6 3. Nc3 Nf6 4. cxd5 exd5 5. Bg5 Be7 6. Qc2 c6 7. e3 Nbd7 8. Bd3 Nf8 9. Nf3 Ne6 10. Bh4 g6 11. 0-0 Ng7 12. Rab1 Bf5 13. b4 Bxd3 14. Qxd3 Nf5 15. Bxf6 Bxf6 16. b5 0-0 17. bxc6 bxc6 18. Qa6 Nd6 19. Rfc1 Qc8 20. Qd3 Qe6 21. Na4 Ne4 22. Nd2 Rfb8 23. Nxe4 dxe4 24. Qc2 Be7 25. g3 Ba3 26. Nc5 Bxc5 27. Rxb8+ Rxb8 28. Qxc5 Qxa2 29. Qxc6 Rb1 30. Rxb1 Qxb1+ 31. Kg2 Kg7 32. Qa8 Qd3 33. Qxa7 Qd1 34. Qa6 Qf3+ 35. Kg1 Qd1+ 36. Qf1 Qd2 37. Kg2 f5 38. h4 Kh6 39. Qb5 Qd1 40. Qe5 Qf3+ 41. Kg1 Qd1+ 42. Kh2 Qd2 43. Kg2 Qd1 44. d5 Qf3+ 45. Kg1 Kh5 46. d6 h6 47. Qf4 Qd1+ 48. Kg2 Qd5 49. f3 g5 50. g4+ fxg4 51. fxg4+ Kg6 52. Qf5+ Qxf5 53. gxf5+ 1-0

[Event "HUN-chT2 Erkel 1617"]
[Site "Hungary"]
[Date "2016.10.30"]
[Round "3.2"]
[White "Paal, Attila"]
[Black "Darazs, Zoltan"]
[Result "1/2-1/2"]
[WhiteElo "2093"]
[BlackElo "2138"]
[PlyCount "97"]
[EventDate "2016.09.25"]
[EventType "team-tourn"]
[EventRounds "11"]
[EventCountry "HUN"]
[SourceTitle "EXT 2021"]
[Source "ChessBase"]
[SourceDate "2020.10.23"]
[SourceVersion "1"]
[SourceVersionDate "2020.10.23"]
[SourceQuality "1"]
[WhiteTeam "Andornaktalya"]
[BlackTeam "Jaszbereny"]
[WhiteTeamCountry "HUN"]
[BlackTeamCountry "HUN"]

1. d4 Nf6 2. c4 g6 3. Nc3 d5 4. Nf3 Bg7 5. Bg5 Ne4 6. cxd5 Nxg5 7. Nxg5 e6 8. Qd2 exd5 9. Qe3+ Kf8 10. Qf4 Bf6 11. h4 h6 12. Nf3 Kg7 13. e3 Be6 14. Bd3 c5 15. dxc5 Nd7 16. Nd4 Nxc5 17. Bc2 Rc8 18. Rd1 Qb6 19. 0-0 a6 20. b4 Nd7 21. Na4 Qc7 22. Qxc7 Rxc7 23. Bb3 b5 24. Nb2 Bxh4 25. e4 Nb6 26. exd5 Bxd5 27. Bxd5 Nxd5 28. Nxb5 Rc2 29. Rxd5 Rxb2 30. Nc7 Rc8 31. Rc5 Rd8 32. Rc4 Bf6 33. Nxa6 Rdd2 34. Nc5 Rxa2 35. Ne4 Rd4 36. Rxd4 Bxd4 37. Rd1 Be5 38. g3 f5 39. Rd5 Ra1+ 40. Kg2 fxe4 41. Rxe5 Re1 42. b5 Kf6 43. Re8 Kf7 44. Rb8 Rb1 45. b6 Kf6 46. b7 Kg5 47. Kh3 Rb2 48. Re8 Rxb7 49. Rxe4 1/2-1/2

[Event "Eger Agria op 40th"]
[Site "Eger"]
[Date "2016.07.22"]
[Round "7"]
[White "Nagy, Tamas1111"]
[Black "Paal, Attila"]
[Result "1/2-1/2"]
[WhiteElo "1909"]
[BlackElo "2075"]
[PlyCount "84"]
[EventDate "2016.07.18"]
[EventType "swiss"]
[EventRounds "8"]
[EventCountry "HUN"]
[SourceTitle "EXT 2020"]
[Source "ChessBase"]
[SourceDate "2019.10.17"]
[SourceVersion "1"]
[SourceVersionDate "2019.10.17"]
[SourceQuality "1"]

1. d4 Nf6 2. Nf3 d5 3. g3 e6 4. Bg2 Be7 5. 0-0 0-0 6. c3 c5 7. Re1 Nc6 8. Bg5 Qb6 9. Bc1 cxd4 10. cxd4 Bd7 11. Nc3 Rfd8 12. e3 Rac8 13. Na4 Qa5 14. Bd2 Nb4 15. a3 Bxa4 16. axb4 Bxd1 17. Rxa5 Bxf3 18. Bxf3 Rc4 19. Rxa7 Bxb4 20. Rd1 Bxd2 21. Rxd2 Rb4 22. Rc2 g5 23. h3 Rd6 24. Bd1 Kg7 25. Bf3 Rdb6 26. Ra2 Ne8 27. Kf1 Nd6 28. Be2 f5 29. Bd3 Kf6 30. Ke2 Nc4 31. Bxc4 dxc4 32. Kf3 Rc6 33. Ra7 h5 34. Ke2 b5 35. Ra8 Rb3 36. Kd2 b4 37. Ra1 e5 38. dxe5+ Kxe5 39. Ke2 Rd3 40. Rxc4 Rxe3+ 41. Kxe3 Rxc4 42. Ra5+ Ke6 1/2-1/2

[Event "Eger Agria op 40th"]
[Site "Eger"]
[Date "2016.07.19"]
[Round "2"]
[White "Toth, Daniel1111"]
[Black "Paal, Attila"]
[Result "1/2-1/2"]
[WhiteElo "2312"]
[BlackElo "2075"]
[PlyCount "57"]
[EventDate "2016.07.18"]
[EventType "swiss"]
[EventRounds "8"]
[EventCountry "HUN"]
[SourceTitle "EXT 2020"]
[Source "ChessBase"]
[SourceDate "2019.10.17"]
[SourceVersion "1"]
[SourceVersionDate "2019.10.17"]
[SourceQuality "1"]

1. d4 Nf6 2. Nf3 c5 3. e3 g6 4. Be2 Bg7 5. 0-0 0-0 6. dxc5 Qc7 7. a3 Qxc5 8. b4 Qc7 9. Bb2 d5 10. Be5 Qd8 11. Nbd2 Nc6 12. Bb2 Bf5 13. c4 dxc4 14. Nxc4 Qxd1 15. Rfxd1 a6 16. Nb6 Rad8 17. Ne5 Nxe5 18. Bxe5 Be4 19. Rac1 Rxd1+ 20. Rxd1 Bc6 21. f3 Ne8 22. Bxg7 Nxg7 23. a4 Rb8 24. Kf2 Ne6 25. Rc1 Nc7 26. Rd1 Ne6 27. Rc1 Nc7 28. Rc5 Ne6 29. Rc1 1/2-1/2

[Event "HUN-chT2 Erkel 1516"]
[Site "Hungary"]
[Date "2016.03.20"]
[Round "9.1"]
[White "Paal, Attila"]
[Black "Boricsev, Oleg"]
[Result "0-1"]
[WhiteElo "2134"]
[BlackElo "2323"]
[PlyCount "80"]
[EventDate "2015.09.13"]
[EventType "team-tourn"]
[EventRounds "11"]
[EventCountry "HUN"]
[SourceTitle "EXT 2017"]
[Source "ChessBase"]
[SourceDate "2016.10.25"]
[SourceVersion "1"]
[SourceVersionDate "2016.10.25"]
[SourceQuality "1"]
[WhiteTeam "Andornaktalya"]
[BlackTeam "Matra"]
[WhiteTeamCountry "HUN"]
[BlackTeamCountry "HUN"]

1. e4 c6 2. d4 d5 3. e5 c5 4. dxc5 Nc6 5. Bb5 e6 6. Be3 Bd7 7. Bxc6 Bxc6 8. Bd4 Nh6 9. f4 Nf5 10. Nf3 Nxd4 11. Nxd4 Bxc5 12. c3 Qh4+ 13. g3 Qh3 14. Nd2 Bxd4 15. cxd4 h5 16. Qf3 Rc8 17. Rc1 0-0 18. g4 Qxf3 19. Nxf3 hxg4 20. Nd2 Bb5 21. Kf2 Bd3 22. Kg3 Bf5 23. Rhe1 Kh7 24. Nf1 Kg6 25. Ne3 Rh8 26. Rxc8 Rxc8 27. Re2 Rc1 28. Kh4 Rg1 29. Rg2 Rxg2 30. Nxg2 Bb1 31. Kxg4 Bxa2 32. Nh4+ Kh6 33. f5 Bb1 34. fxe6 fxe6 35. Ng2 a5 36. Ne3 b5 37. h4 a4 38. h5 b4 39. Nxd5 exd5 40. e6 Bd3 0-1

[Event "HUN-chT2 Erkel 1516"]
[Site "Hungary"]
[Date "2016.02.14"]
[Round "7.1"]
[White "Paal, Attila"]
[Black "Skomorokhin, Roman"]
[Result "0-1"]
[WhiteElo "2134"]
[BlackElo "2408"]
[PlyCount "68"]
[EventDate "2015.09.13"]
[EventType "team-tourn"]
[EventRounds "11"]
[EventCountry "HUN"]
[SourceTitle "EXT 2017"]
[Source "ChessBase"]
[SourceDate "2016.10.25"]
[SourceVersion "1"]
[SourceVersionDate "2016.10.25"]
[SourceQuality "1"]
[WhiteTeam "Andornaktalya"]
[BlackTeam "Foti"]
[WhiteTeamCountry "HUN"]
[BlackTeamCountry "HUN"]

1. Nc3 c5 2. e4 Nc6 3. f4 e6 4. Nf3 Nge7 5. Bb5 a6 6. Bxc6 Nxc6 7. 0-0 Be7 8. d3 0-0 9. Qe1 b5 10. Kh1 d6 11. Be3 d5 12. Bg1 Bb7 13. e5 Nb4 14. Rf2 d4 15. Ne4 Nd5 16. Qd2 Qd7 17. Re2 Rae8 18. Rf1 f5 19. exf6 gxf6 20. c4 dxc3 21. bxc3 Qc7 22. Be3 Rd8 23. Qe1 Rf7 24. Qh4 c4 25. d4 Nxe3 26. Rxe3 Bxe4 27. Rxe4 f5 28. Qh6 fxe4 29. Ne5 Rf6 30. Qg5+ Kh8 31. Qh5 Rdf8 32. g4 Bd6 33. g5 Bxe5 34. gxf6 Bxf6 0-1

[Event "HUN-chT2 Erkel 1516"]
[Site "Hungary"]
[Date "2015.10.04"]
[Round "2.1"]
[White "Bednay, Dezso"]
[Black "Paal, Attila"]
[Result "1/2-1/2"]
[WhiteElo "2287"]
[BlackElo "2134"]
[PlyCount "34"]
[EventDate "2015.09.13"]
[EventType "team-tourn"]
[EventRounds "11"]
[EventCountry "HUN"]
[SourceTitle "CBM 170 Extra"]
[Source "ChessBase"]
[SourceDate "2016.02.25"]
[SourceVersion "1"]
[SourceVersionDate "2016.02.25"]
[SourceQuality "1"]
[WhiteTeam "Barcza BEAC"]
[BlackTeam "Andornaktalya"]
[WhiteTeamCountry "HUN"]
[BlackTeamCountry "HUN"]

1. e4 Nf6 2. Nc3 e5 3. Bc4 Nxe4 4. Qh5 Nd6 5. Qxe5+ Qe7 6. Qxe7+ Bxe7 7. Bb3 0-0 8. Nf3 Nf5 9. 0-0 c6 10. Re1 d5 11. d4 Bf6 12. Ne2 Nd7 13. c3 Re8 14. Bd2 Nf8 15. Ng3 Rxe1+ 16. Rxe1 Nxg3 17. hxg3 Bf5 1/2-1/2